000 00454nam a2200181Ia 4500
001 25274
005 20260414151138.0
008 260414t2023||||xx |||||||||||||| ||spa||
041 _aESP
082 _a347.51
_bT18
100 _aTambini Ávila, Mónica,
_eAUT
245 0 _aManual práctico de la ley general de sociedades
_b
260 _c2023
300 _a1118 páginas :
_c25 cm.
650 _aDER
654 _aCDE
942 _cLIB
_dJUS
_fJUS
_2ddc
_n
999 _c25274
_d25274